Some exemptions revisited (Record no. 63933)

MARC details
000 -LEADER
fixed length control field 01713cam a2200445 4500
001 - CONTROL NUMBER
control field ABS62541
008 - FIXED-LENGTH DATA ELEMENTS--GENERAL INFORMATION
fixed length control field 000000n2000 000 0 eng u
035 ## - SYSTEM CONTROL NUMBER
System control number (Sirsi) u106868
100 ## - MAIN ENTRY--PERSONAL NAME
Personal name Lewsley, C.
245 ## - TITLE STATEMENT
Title Some exemptions revisited
260 ## - PUBLICATION, DISTRIBUTION, ETC.
Date of publication, distribution, etc. 2000
490 ## - SERIES STATEMENT
Series statement Rating and Valuation Reporter
Volume/sequential designation 40(5) May 2000, 197-204(9)
520 ## - SUMMARY, ETC.
Summary, etc. Assists with interpretation of Local Government Finance Act 1988 Sched5, through consideration of recent examples of case law relating to exemptions from non domestic rating.
590 ## - LOCAL NOTE (RLIN)
Local note ABS
650 ## - SUBJECT ADDED ENTRY--TOPICAL TERM
Topical term or geographic name entry element LOCAL GOVERNMENT FINANCE ACT 1988 SCHED 5
650 ## - SUBJECT ADDED ENTRY--TOPICAL TERM
Topical term or geographic name entry element NON-DOMESTIC RATING
650 ## - SUBJECT ADDED ENTRY--TOPICAL TERM
Topical term or geographic name entry element RATING ASSESSMENTS
650 ## - SUBJECT ADDED ENTRY--TOPICAL TERM
Topical term or geographic name entry element EXEMPTIONS
650 ## - SUBJECT ADDED ENTRY--TOPICAL TERM
Topical term or geographic name entry element PERRINS V DRAPER
650 ## - SUBJECT ADDED ENTRY--TOPICAL TERM
Topical term or geographic name entry element FARMERS MACHINERY SYNDICATE V SHAW
650 ## - SUBJECT ADDED ENTRY--TOPICAL TERM
Topical term or geographic name entry element GILMORE (VO) V BAKER-CARR
650 ## - SUBJECT ADDED ENTRY--TOPICAL TERM
Topical term or geographic name entry element EASTWOOD (W & J B) V HERROD
650 ## - SUBJECT ADDED ENTRY--TOPICAL TERM
Topical term or geographic name entry element PRIOR (VO) V SOVEREIGN CHICKEN LTD
650 ## - SUBJECT ADDED ENTRY--TOPICAL TERM
Topical term or geographic name entry element FARMER (VO) AND OTHERS V BUXTED POULTRY LTD
650 ## - SUBJECT ADDED ENTRY--TOPICAL TERM
Topical term or geographic name entry element WRIGHT (VO) V SOVEREIGN FOOD GROUP LTD
650 ## - SUBJECT ADDED ENTRY--TOPICAL TERM
Topical term or geographic name entry element MILLINGTON V SOS ENVIRONMENT AND ANOTHER
650 ## - SUBJECT ADDED ENTRY--TOPICAL TERM
Topical term or geographic name entry element JEWISH BLIND SOCIETY TRUSTEES V HENNING
650 ## - SUBJECT ADDED ENTRY--TOPICAL TERM
Topical term or geographic name entry element ALMOND (VO) V BIRMINGHAM ROYAL INSTITUTION FOR THE BLIND
650 ## - SUBJECT ADDED ENTRY--TOPICAL TERM
Topical term or geographic name entry element SAMARITANS OF TYNESIDE V NEWCASTLE UPON TYNE CITY COUNCIL
650 ## - SUBJECT ADDED ENTRY--TOPICAL TERM
Topical term or geographic name entry element O'KELLY V DAVEY
650 ## - SUBJECT ADDED ENTRY--TOPICAL TERM
Topical term or geographic name entry element HARE V PUTNEY CHURCHWARDENS AND OVERSEERS
650 ## - SUBJECT ADDED ENTRY--TOPICAL TERM
Topical term or geographic name entry element SHEFFIELD CORPORATION V TRANTER
650 ## - SUBJECT ADDED ENTRY--TOPICAL TERM
Topical term or geographic name entry element OXFORD CITY COUNCIL V BROADWAY
650 ## - SUBJECT ADDED ENTRY--TOPICAL TERM
Topical term or geographic name entry element RYAN INDUSTRIAL FUELS V MORGAN
650 ## - SUBJECT ADDED ENTRY--TOPICAL TERM
Topical term or geographic name entry element BRADSHAW V DAVEY
650 ## - SUBJECT ADDED ENTRY--TOPICAL TERM
Topical term or geographic name entry element FELGATE (VO) V LOTUS LEISURE ENTERPRISES
650 ## - SUBJECT ADDED ENTRY--TOPICAL TERM
Topical term or geographic name entry element R V BIRMINGHAM WATERWORKS
690 ## - LOCAL SUBJECT ADDED ENTRY--TOPICAL TERM (OCLC, RLIN)
Topical term or geographic name as entry element RATING AND LOCAL TAXATION
942 ## - ADDED ENTRY ELEMENTS (KOHA)
Suppress in OPAC 0
Holdings
Withdrawn status Lost status Source of classification or shelving scheme Damaged status Not for loan Home library Current library Shelving location Date acquired Total Checkouts Full call number Barcode Date last seen Copy number Price effective from Koha item type
    Dewey Decimal Classification     London London Journal article 29/06/2000   ABS62541 106868-1001 06/08/2019 1 06/08/2019 Journal article